000 00236nam a2200097Ia 4500
001 899332
005 20250826184446.0
008 250824s9999 xx 000 0 und d
245 0 _aVİKİNGLER
_cROBERT LEIGHTON
260 _bPANAMA YAYINLARI
999 _c899332
_d899332